NFL Week 16 Fantasy Leaders 2025-2026 - Statistics

General Stats
  • This quiz has been taken 49 times
  • The average score is 10 of 20
Answer Stats
Position Points Player % Correct
WR 46.5 Puka Nacua
94%
QB 30.9 Matthew Stafford
81%
RB 32.6 Christian McCaffrey
72%
29.8 RB Bijan Robinson
69%
RB 32.9 Chase Brown
69%
24.7 QB Drake Maye
58%
24.5 TE George Kittle
58%
26 WR George Pickens
58%
QB 31.9 Brock Purdy
56%
29 QB Joe Burrow
56%
QB 31.2 Trevor Lawrence
47%
WR 36.8 Chris Olave
44%
30.2 QB Justin Herbert
42%
26.4 RB James Cook
36%
26.5 QB Jared Goff
36%
25.4 RB Kenneth Walker
33%
RB 31.8 Ashton Jeanty
31%
24.6 WR Alec Pierce
17%
29.1 RB Jaylen Warren
14%
26.5 WR Parker Washington
11%
No matching quizzes found
Score Distribution
Percent of People with Each Score
Percentile by Number Answered
Your Score History
You have not taken this quiz